| 000 | 01118pam a2200277 a 4500 | ||
|---|---|---|---|
| 999 |
_c332334 _d332334 |
||
| 001 | 1655583 | ||
| 003 | NUST | ||
| 005 | 20171124122704.0 | ||
| 008 | 971202s1998 flua b 001 0 eng | ||
| 010 | _a 97046784 | ||
| 020 | _a0873718585 (alk. paper) | ||
| 040 |
_aDLC _cDLC _dDLC |
||
| 050 | 0 | 0 |
_aTD879.P4 _bR575 1998 |
| 082 | 0 | 0 |
_a628.55 RIS _221 |
| 100 | 2 |
_aRiser-Roberts, Eve. _96775 |
|
| 245 | 1 | 0 |
_aRemediation of petroleum contaminated soils : _bbiological, physical, and chemical processes / _cEve Riser-Roberts. |
| 260 |
_aBoca Raton : _bLewis Publishers, _cc1998. |
||
| 300 |
_a542 p. : _bill. ; _c26 cm. |
||
| 500 | _aH.B | ||
| 504 | _aIncludes bibliographical references (p. 429-501) and index. | ||
| 650 | 0 |
_aOil pollution of soils. _96776 |
|
| 650 | 0 |
_aSoil remediation. _96465 |
|
| 856 | 4 | 2 |
_3Publisher description _uhttp://www.loc.gov/catdir/enhancements/fy0738/97046784-d.html |
| 906 |
_a7 _bcbc _corignew _d1 _eocip _f19 _gy-gencatlg |
||
| 942 |
_2ddc _cBK _kIESE |
||